[Event "26.Off.Bayer.Senioren-EM 2014"]
[Site "Bergen"]
[Date "2014.06.24"]
[Round "4.33"]
[White "Lueders, Guenter"]
[Black "Alefs, Willi"]
[Result "0-1"]
[WhiteElo "1659"]
[BlackElo "1533"]
[PlyCount "116"]
[EventDate "2014.??.??"]
[WhiteTeam "TSV 1883 Benshausen"]
[BlackTeam "SC Fuldatal"]

1. d4 Nf6 2. Nf3 e6 3. Bf4 b6 4. Nbd2 Bb7 5. e3 d6 6. h3 Nbd7 7. Be2 Be7 8. O-O
O-O 9. Rc1 c5 10. c3 Rc8 11. Qa4 Qc7 12. Ba6 Bxa6 13. Qxa6 Nd5 14. Bg3 Qc6 15.
Qe2 N7f6 16. Rfd1 Qb7 17. c4 Nc7 18. b3 h6 19. dxc5 bxc5 20. e4 e5 21. Ne1 Ne6
22. Nc2 Kh7 23. f3 g5 24. Ne3 Nf4 25. Qf1 Rg8 26. Nf5 Bf8 27. Nb1 Rd8 28. Nc3
a6 29. Rc2 Ne6 30. Bxe5 dxe5 31. Rxd8 Nxd8 32. Rd2 Ne6 33. Nd5 Nxd5 34. exd5
Nd4 35. Ne3 f5 36. Qd3 Qf7 37. Qc3 Rg6 38. Qa5 h5 39. Nd1 g4 40. fxg4 hxg4 41.
Qc3 gxh3 42. Qxh3+ Rh6 43. Qg3 f4 44. Qe1 Qh5 45. Qe4+ Kg8 46. Rd3 Qg5 47. Nf2
f3 48. Ng4 Rh4 49. gxf3 Qc1+ 50. Kf2 Qg5 51. Qxe5 Rxg4 52. Qxg5+ Rxg5 53. Ke3
Bd6 54. Rd1 Rf5 55. Rf1 Kf7 56. Rf2 Kf6 57. Rf1 Re5+ 58. Kd3 Re2 0-1

[Event "26.Off.Bayer.Senioren-EM 2014"]
[Site "Bergen"]
[Date "2014.06.24"]
[Round "4.34"]
[White "Otto, Klaus"]
[Black "Wolfram, Gisbert"]
[Result "1-0"]
[WhiteElo "1499"]
[BlackElo "1637"]
[PlyCount "53"]
[EventDate "2014.??.??"]
[WhiteTeam "Thüringer Schachverein Triebes"]
[BlackTeam "SU Ebersberg-Grafing"]

1. e4 c5 2. Nf3 Nc6 3. d4 cxd4 4. Nxd4 Nf6 5. Nc3 e5 6. Nf3 Bb4 7. Bd3 d5 8.
Bd2 Bxc3 9. Bxc3 dxe4 10. Nxe5 exd3 11. cxd3 Nxe5 12. Bxe5 O-O 13. O-O Be6 14.
h3 Rc8 15. b3 Qd5 16. Qe2 Rfd8 17. Rad1 Qb5 18. f4 Nd5 19. f5 f6 20. fxe6 fxe5
21. Qxe5 Re8 22. Rf7 Qb6+ 23. Kh1 Nf6 24. Qg5 Nh5 25. Qxh5 Rxe6 26. Rdf1 Qc6
27. Rxg7+ 1-0

[Event "26.Off.Bayer.Senioren-EM 2014"]
[Site "Bergen"]
[Date "2014.06.24"]
[Round "4.35"]
[White "Schindler, Jan"]
[Black "Moderegger, Ludwig"]
[Result "1-0"]
[WhiteElo "1637"]
[BlackElo "1528"]
[PlyCount "63"]
[EventDate "2014.??.??"]
[WhiteTeam "SC Anderssen Nürnberg 1929 e.V."]
[BlackTeam "SF Bad Reichenhall"]

1. Nf3 d5 2. g3 c5 3. Bg2 b6 4. b3 Nd7 5. Bb2 Bb7 6. e3 Qc7 7. c4 Ngf6 8. O-O
e6 9. Nc3 a6 10. Rc1 Be7 11. Re1 O-O-O 12. d4 Rhg8 13. Qe2 g5 14. cxd5 exd5 15.
Na4 b5 16. Nxc5 Nxc5 17. dxc5 Ne4 18. b4 Bc6 19. Nd4 Kb7 20. Qc2 Qd7 21. Rcd1
f5 22. f3 Nf6 23. Qxf5 g4 24. Qxd7+ Nxd7 25. fxg4 Ne5 26. Nxc6 Kxc6 27. Bxe5
Rxg4 28. Rd4 Rg6 29. Red1 Bg5 30. Bf4 Bf6 31. Rxd5 Rxd5 32. Bxd5+ 1-0

[Event "26.Off.Bayer.Senioren-EM 2014"]
[Site "Bergen"]
[Date "2014.06.24"]
[Round "4.36"]
[White "Peiberg, Ehrhard"]
[Black "Alefs, Heinz"]
[Result "0-1"]
[WhiteElo "1483"]
[BlackElo "1627"]
[PlyCount "106"]
[EventDate "2014.??.??"]
[WhiteTeam "SC Erlangen 48/88"]
[BlackTeam "SC Eichenau"]

1. d4 f5 2. g3 g6 3. Bg2 Nf6 4. Nf3 d6 5. O-O Bg7 6. c4 O-O 7. Nc3 Qe8 8. Rb1
a5 9. b3 Na6 10. Bb2 c6 11. e3 e5 12. dxe5 dxe5 13. Na4 e4 14. Ng5 h6 15. Nh3
Be6 16. Qc2 Nb4 17. Qe2 Nd3 18. Ba3 Rf7 19. Nc5 Nxc5 20. Bxc5 g5 21. Rfd1 Rd7
22. Rxd7 Nxd7 23. Bd4 Ne5 24. Qb2 Nd3 25. Qa1 Qe7 26. Bxg7 Qxg7 27. Qxg7+ Kxg7
28. Kf1 Rd8 29. Ke2 Kf6 30. Ng1 Ke5 31. f4+ Kf6 32. Nh3 b5 33. cxb5 cxb5 34.
Nf2 Nxf2 35. Kxf2 Rd2+ 36. Kg1 Rxa2 37. g4 Re2 38. gxf5 Kxf5 39. fxg5 hxg5 40.
Bf1 Rxe3 41. Bxb5 Rxb3 42. Rf1+ Ke5 43. Bc6 Ra3 44. Re1 Bd5 45. Bd7 Ra2 46. Bh3
a4 47. Rf1 Be6 48. Bg2 e3 49. Re1 Kd4 50. Rd1+ Rd2 51. Re1 a3 52. Bh3 Bxh3 53.
Rxe3 Kxe3 0-1

[Event "26.Off.Bayer.Senioren-EM 2014"]
[Site "Bergen"]
[Date "2014.06.24"]
[Round "4.37"]
[White "Malik, Rosemarie"]
[Black "Oser, Thor"]
[Result "0-1"]
[WhiteElo "1327"]
[BlackElo "1622"]
[PlyCount "110"]
[EventDate "2014.??.??"]
[WhiteTeam "SK Großweil"]
[BlackTeam "SK 1929 Jöhlingen"]

1. e4 c5 2. Nf3 Nc6 3. d4 cxd4 4. Nxd4 a6 5. Be3 e6 6. Nxc6 bxc6 7. Bd3 Nf6 8.
O-O Be7 9. f3 O-O 10. Nd2 e5 11. Bf2 d5 12. exd5 cxd5 13. a3 Bb7 14. b4 Nh5 15.
Re1 Nf4 16. Rc1 Nxd3 17. cxd3 Bf6 18. Nf1 Qd7 19. Ne3 Be7 20. Nf1 f6 21. Qb3 g6
22. Rc2 Rac8 23. Rec1 Kg7 24. Rxc8 Rxc8 25. Rxc8 Qxc8 26. Qb2 Qc6 27. Bg3 d4
28. Nd2 Qc3 29. Qxc3 dxc3 30. Nb3 c2 31. Nc1 a5 32. Be1 axb4 33. Bxb4 Bxb4 34.
axb4 f5 35. Kf2 e4 36. dxe4 fxe4 37. fxe4 Bxe4 38. g3 Kf6 39. Ke3 Ke5 40. b5
Bf5 41. b6 Kd6 42. b7 Kc7 43. Kd2 Kxb7 44. Nb3 Kc7 45. Kc1 Kd6 46. Nd4 Ke5 47.
Nf3+ Kf6 48. Nd4 Kg5 49. Nxc2 Bxc2 50. Kxc2 Kg4 51. Kd3 Kh3 52. Ke4 Kxh2 53.
Kf4 Kh3 54. g4 Kh4 55. g5 Kh5 0-1

[Event "26.Off.Bayer.Senioren-EM 2014"]
[Site "Bergen"]
[Date "2014.06.24"]
[Round "4.38"]
[White "Husser, Oskar"]
[Black "Steffl, Herbert"]
[Result "1-0"]
[WhiteElo "1620"]
[BlackElo "1512"]
[PlyCount "79"]
[EventDate "2014.??.??"]
[WhiteTeam "SC Caissa Falkensee e.V."]
[BlackTeam "ASV J'Adoube Grassau SAB"]

1. Nf3 Nf6 2. c4 c5 3. g3 e6 4. Bg2 d5 5. cxd5 exd5 6. O-O Nc6 7. d4 Be7 8. Nc3
O-O 9. a3 Re8 10. dxc5 Bxc5 11. b4 Bf8 12. e3 g6 13. Bb2 Bg7 14. Qb3 h6 15.
Rad1 Be6 16. Nd4 Nxd4 17. Rxd4 Nh7 18. Rd2 d4 19. Qd1 Bc4 20. Ne2 Qc7 21. Bxd4
Bxd4 22. Rxd4 Rad8 23. Qc2 b5 24. Rc1 Nf6 25. Bf1 Qb6 26. Qd2 Bxe2 27. Bxe2
Rxd4 28. exd4 Rd8 29. Rd1 Kg7 30. Bf3 Nd7 31. Qc3 Qf6 32. Qc6 Qf5 33. Kg2 Nb6
34. d5 g5 35. g4 Qd7 36. Qc3+ f6 37. h3 Nc4 38. Be4 Rc8 39. Bf5 Nd6 40. Qxc8
1-0

[Event "26.Off.Bayer.Senioren-EM 2014"]
[Site "Bergen"]
[Date "2014.06.24"]
[Round "4.39"]
[White "Walther, Renate"]
[Black "Baumgartner, Andreas"]
[Result "0-1"]
[WhiteElo "818"]
[BlackElo "1618"]
[PlyCount "54"]
[EventDate "2014.??.??"]
[WhiteTeam "SK 1911 Herzogenaurach e.V."]
[BlackTeam "ASV J'Adoube Grassau SAB"]

1. e4 c5 2. Nc3 e6 3. d3 d6 4. Nf3 h6 5. Be2 Nf6 6. O-O Be7 7. b3 Nc6 8. Be3
O-O 9. d4 cxd4 10. Nxd4 Nxd4 11. Bxd4 e5 12. Be3 Be6 13. f3 a6 14. a4 Qa5 15.
Qd3 Rac8 16. Bd2 Qc5+ 17. Rf2 Rfd8 18. Rb1 d5 19. b4 Qd4 20. Kf1 dxe4 21. fxe4
Qb6 22. Nd5 Nxd5 23. exd5 Rxd5 24. Qe3 Qxe3 25. Bxe3 Rxc2 26. Rc1 Rxc1+ 27.
Bxc1 Bxb4 0-1

[Event "26.Off.Bayer.Senioren-EM 2014"]
[Site "Bergen"]
[Date "2014.06.24"]
[Round "4.40"]
[White "Kunte, Herbert"]
[Black "Sandner, Josef"]
[Result "1-0"]
[WhiteElo "1603"]
[BlackElo "1461"]
[PlyCount "91"]
[EventDate "2014.??.??"]
[WhiteTeam "SK Siemens München"]
[BlackTeam "SG Traunstein/Traunreut e.V."]

1. d4 d5 2. Nf3 e6 3. e3 f5 4. Bd3 Bd6 5. O-O Nd7 6. c4 c6 7. Nc3 Ngf6 8. Qc2
Ne4 9. b3 g5 10. g3 h5 11. Ne1 g4 12. Bxe4 fxe4 13. Ng2 Qg5 14. Ne2 Nf6 15. Nh4
Qh6 16. Bb2 Nh7 17. Nf4 Bxf4 18. exf4 Nf8 19. Bc1 Qf6 20. Be3 Ng6 21. Nxg6 Qxg6
22. Kg2 Bd7 23. Qd2 Qf6 24. Qb4 b6 25. Qd6 Rc8 26. Rac1 h4 27. cxd5 hxg3 28.
hxg3 Qe7 29. Qe5 Kf7 30. d6 Qf6 31. Rh1 Qxe5 32. dxe5 Kg7 33. Rh4 Rxh4 34. gxh4
Be8 35. Kg3 Bh5 36. Rc4 Bg6 37. Kxg4 b5 38. Rc1 a6 39. h5 Bf5+ 40. Kh4 Kf7 41.
Rg1 Rh8 42. b4 Ra8 43. Bb6 Rb8 44. Bc7 Rc8 45. d7 Rg8 46. Rxg8 1-0

[Event "26.Off.Bayer.Senioren-EM 2014"]
[Site "Bergen"]
[Date "2014.06.24"]
[Round "4.41"]
[White "Walch, Roger"]
[Black "Jagdhuber, Hans"]
[Result "0-1"]
[WhiteElo "1681"]
[BlackElo "1876"]
[PlyCount "90"]
[EventDate "2014.??.??"]
[WhiteTeam "SW Nürnberg Süd e.V."]
[BlackTeam "SK Keres-Augsburg 1980"]

1. e4 c5 2. Nf3 Nc6 3. d4 cxd4 4. Nxd4 g6 5. Be3 Bg7 6. Nc3 d6 7. Qd2 Nf6 8. f3
O-O 9. O-O-O Bd7 10. g4 Rc8 11. Kb1 Ne5 12. h4 h5 13. g5 Ne8 14. Nd5 Nc7 15.
Nf4 Na6 16. Nd5 Nc7 17. f4 Nxd5 18. exd5 Nc4 19. Bxc4 Rxc4 20. b3 Rc8 21. f5
Bxd4 22. Qxd4 Bxf5 23. Rd2 Qc7 24. Kb2 Qc5 25. c3 b6 26. Rc1 Qxd4 27. Bxd4 Rfd8
28. Re2 Rd7 29. Rce1 Re8 30. Bf6 e5 31. c4 Rc7 32. a4 a6 33. Rf2 Rc5 34. Rc1
Kf8 35. Rg1 b5 36. axb5 axb5 37. Rxf5 gxf5 38. g6 fxg6 39. Rxg6 bxc4 40. b4
Rxd5 41. Bg5 f4 42. Rf6+ Kg7 43. Rf5 Rd4 44. Kc3 Rc8 45. Rf6 Rd3+ 0-1

[Event "26.Off.Bayer.Senioren-EM 2014"]
[Site "Bergen"]
[Date "2014.06.24"]
[Round "4.42"]
[White "Scheuerlein, Gerhard"]
[Black "Hartlaub, Marianne"]
[Result "1-0"]
[WhiteElo "1585"]
[BlackElo "1348"]
[PlyCount "69"]
[EventDate "2014.??.??"]
[WhiteTeam "SK Schwabach 1907 e.V."]
[BlackTeam "SK 1982 Klingenberg e.V."]

1. d4 d6 2. c4 Nf6 3. Nc3 c6 4. g3 Qa5 5. Bg2 e5 6. Bd2 Qb6 7. Na4 Qxd4 8. Nf3
Qxc4 9. Rc1 Qxa2 10. b3 Be6 11. O-O Bxb3 12. Qe1 Bxa4 13. Ra1 Qc4 14. Qb1 Be7
15. Ra3 Bc2 16. Qxb7 Nfd7 17. Qxa8 O-O 18. Rc3 Qa4 19. Qb7 e4 20. Ne1 Bd1 21.
Re3 d5 22. f3 Bc5 23. fxe4 Bxe3+ 24. Bxe3 dxe4 25. Rf4 Nf6 26. Qb2 Nbd7 27. Bd4
Rb8 28. Qd2 h6 29. Bxe4 c5 30. Bxf6 c4 31. Bxg7 Kxg7 32. Rg4+ Kf8 33. Qd6+ Ke8
34. Rg8+ Nf8 35. Rxf8# 1-0

[Event "26.Off.Bayer.Senioren-EM 2014"]
[Site "Bergen"]
[Date "2014.06.24"]
[Round "4.43"]
[White "Janzen, Christian"]
[Black "Jurgan, Brigitte"]
[Result "1-0"]
[WhiteElo "1579"]
[BlackElo "1225"]
[PlyCount "81"]
[EventDate "2014.??.??"]
[WhiteTeam "TSV Marienfelde 1890 e.V."]
[BlackTeam "SF Bad Reichenhall"]

1. e4 e5 2. Nf3 d6 3. d4 Nc6 4. d5 Nce7 5. c4 b6 6. Nc3 Bd7 7. Bd3 g6 8. Qe2
Bg7 9. Be3 Nf6 10. h3 c6 11. g4 c5 12. Rg1 a6 13. Qd2 Neg8 14. Bg5 Qc8 15. Nh2
h6 16. Be3 h5 17. g5 Nh7 18. h4 Nf8 19. f4 Bg4 20. Nxg4 hxg4 21. Qh2 Ra7 22. f5
f6 23. Rxg4 fxg5 24. Bxg5 Bf6 25. Qg2 Rah7 26. O-O-O Bxg5+ 27. Rxg5 Rxh4 28.
fxg6 Qh3 29. Qxh3 Rxh3 30. g7 R8h5 31. gxf8=Q+ Kxf8 32. Rxh5 Rxh5 33. Rf1+ Ke7
34. Be2 Rg5 35. Kd2 Nf6 36. Ke3 Nd7 37. Rh1 Rg3+ 38. Bf3 Rg7 39. Ne2 Rg8 40.
Rg1 Rxg1 41. Nxg1 1-0

[Event "26.Off.Bayer.Senioren-EM 2014"]
[Site "Bergen"]
[Date "2014.06.24"]
[Round "4.44"]
[White "Ewald, Frithjof"]
[Black "Hermann, Josef"]
[Result "0-1"]
[WhiteElo "1355"]
[BlackElo "1687"]
[PlyCount "120"]
[EventDate "2014.??.??"]
[WhiteTeam "SF Bad Reichenhall"]
[BlackTeam "TSV Trostberg"]

1. d4 Nf6 2. c4 d5 3. e3 e6 4. a3 a5 5. Nc3 b6 6. Nf3 Ba6 7. Ne5 Bd6 8. b3 Nfd7
9. Nf3 c6 10. Be2 O-O 11. O-O Nf6 12. Qc2 Nbd7 13. Re1 Qc7 14. h3 Rfe8 15. Bd3
e5 16. dxe5 Nxe5 17. Nxe5 Bxe5 18. Bb2 dxc4 19. bxc4 Qe7 20. Ne2 Rad8 21. Rad1
h6 22. Nd4 Bb7 23. Nf5 Qe6 24. e4 c5 25. Bxe5 Qxe5 26. Ng3 Rd4 27. Nf5 Rd7 28.
Re3 Red8 29. Rde1 Kh7 30. Qe2 g6 31. Nh4 Ba6 32. Nf3 Qc3 33. Bc2 Qxc4 34. Qxc4
Bxc4 35. Ne5 Rd2 36. Nxc4 Rxc2 37. Nxb6 Rdd2 38. Rf3 Kg7 39. e5 Ne8 40. e6 f5
41. Nd7 c4 42. Re5 Re2 43. Rxe2 Rxe2 44. Re3 Rxe3 45. fxe3 c3 46. Nc5 c2 47.
Nd3 Kf6 48. e7 Kxe7 49. Kf1 Kd6 50. Ke2 Nc7 51. Kd2 Nd5 52. Nf4 c1=Q+ 53. Kxc1
Nxe3 54. Nxg6 Nxg2 55. Kd2 Kd5 56. Kc3 f4 57. Kd3 f3 58. h4 h5 59. a4 Kc5 60.
Ne5 Nxh4 0-1

[Event "26.Off.Bayer.Senioren-EM 2014"]
[Site "Bergen"]
[Date "2014.06.24"]
[Round "4.45"]
[White "Rosmann, Armin"]
[Black "Rudek, Gerald"]
[Result "1/2-1/2"]
[WhiteElo "1505"]
[BlackElo "1394"]
[PlyCount "103"]
[EventDate "2014.??.??"]
[WhiteTeam "SG Büchenbach/Roth e.V."]
[BlackTeam "SC Feuchtwangen 1911 e.V."]

1. e4 Nf6 2. e5 Nd5 3. d4 d6 4. Nf3 Bg4 5. Be2 g6 6. h3 Bf5 7. c4 Nb6 8. Nc3
Bg7 9. Bf4 O-O 10. Qd2 Nc6 11. Bh6 dxe5 12. Bxg7 Kxg7 13. d5 Nb4 14. g4 Bc8 15.
Nxe5 Qd6 16. Nf3 Na6 17. a3 Nc5 18. b4 Nb3 19. Qb2 Nd4 20. Ne4 Qd8 21. Qxd4+ f6
22. c5 Nd7 23. Nfg5 Nb8 24. Rd1 e5 25. dxe6 Qxd4 26. Rxd4 fxg5 27. e7 Re8 28.
Rd8 Kf7 29. Rxe8 Kxe8 30. Nxg5 h6 31. Nf3 Be6 32. Kd2 Kxe7 33. Re1 Kf6 34. Nd4
Bd7 35. b5 c6 36. Bf3 a6 37. b6 a5 38. Kd3 Na6 39. Kc4 Re8 40. Rxe8 Bxe8 41.
Nb3 Bf7+ 42. Kc3 Bxb3 43. Kxb3 Nxc5+ 44. Kc4 Nd7 45. Bg2 Nxb6+ 46. Kb3 g5 47.
Kc3 Ke5 48. Kd3 Nd7 49. Ke3 a4 50. Kd3 Kd6 51. Ke4 Ke6 52. Kd4 1/2-1/2

[Event "26.Off.Bayer.Senioren-EM 2014"]
[Site "Bergen"]
[Date "2014.06.24"]
[Round "4.46"]
[White "Kunert, Helmut"]
[Black "Borkenhagen, Bernd"]
[Result "1/2-1/2"]
[WhiteElo "1491"]
[BlackElo "1391"]
[PlyCount "86"]
[EventDate "2014.??.??"]
[WhiteTeam "SF Bad Reichenhall"]
[BlackTeam "SK Rinteln"]

1. e4 e5 2. Nf3 d6 3. Nc3 c6 4. d4 exd4 5. Nxd4 Be7 6. Bd3 Nf6 7. O-O O-O 8.
Re1 Qc7 9. Bf4 Nbd7 10. Nf5 Ne5 11. Bxe5 dxe5 12. Nxe7+ Qxe7 13. h3 Be6 14. Qf3
Rad8 15. Ne2 Rd6 16. Ng3 Re8 17. b3 b5 18. a4 a6 19. axb5 cxb5 20. c4 Red8 21.
Be2 Qb7 22. cxb5 axb5 23. Ra5 Rb6 24. Rea1 Rf8 25. Ra7 Qc6 26. Qe3 h6 27. Rc1
Qd6 28. Rd1 Qb8 29. Rda1 Rb7 30. Rxb7 Qxb7 31. b4 Rb8 32. f3 Qb6 33. Qxb6 Rxb6
34. Ra8+ Kh7 35. Ra5 Bd7 36. Bd3 g6 37. Ne2 Nh5 38. Nc3 Nf4 39. Bxb5 Bxb5 40.
Rxb5 Rxb5 41. Nxb5 Nd3 42. Nd6 Nxb4 43. Nxf7 Nc6 1/2-1/2

[Event "26.Off.Bayer.Senioren-EM 2014"]
[Site "Bergen"]
[Date "2014.06.24"]
[Round "4.47"]
[White "Jehn, Detlef"]
[Black "Neiss, Albrecht"]
[Result "1/2-1/2"]
[WhiteElo "1449"]
[BlackElo "1342"]
[PlyCount "106"]
[EventDate "2014.??.??"]
[WhiteTeam "SF Bad Reichenhall"]
[BlackTeam "SC Kirchseeon e.V."]

1. e4 c5 2. Bc4 e6 3. Nc3 Nc6 4. Nf3 g6 5. O-O Bg7 6. Nb5 d5 7. exd5 exd5 8.
Re1+ Nge7 9. Bxd5 O-O 10. Bc4 a6 11. Nc3 b5 12. Be2 Bf5 13. d3 Qc7 14. Rb1 Rfd8
15. g3 c4 16. Bf4 Qb6 17. Be3 Qb7 18. Bc5 cxd3 19. cxd3 Re8 20. Nh4 Bh3 21. Bf3
Be6 22. Qc2 Qd7 23. Rbd1 Nd4 24. Bxd4 Bxd4 25. Ne4 Rac8 26. Qd2 Nf5 27. Nxf5
Bxf5 28. Qg5 Qd8 29. Qd2 a5 30. a3 Be6 31. Rc1 Qb6 32. Rxc8 Rxc8 33. Re2 Bb3
34. Nc3 b4 35. axb4 axb4 36. Nd5 Bxd5 37. Bxd5 b3 38. Qf4 Bf6 39. Bc4 Qd8 40.
Qe4 Rb8 41. Kg2 Kg7 42. f4 Qd7 43. Qd5 Qxd5+ 44. Bxd5 Rb5 45. Bc4 Rb7 46. Kf3
Re7 47. Rxe7 Bxe7 48. Bxb3 Bf6 49. Ke4 Bxb2 50. d4 Kf6 51. d5 Ke7 52. g4 Kd6
53. Ba4 f6 1/2-1/2

[Event "26.Off.Bayer.Senioren-EM 2014"]
[Site "Bergen"]
[Date "2014.06.24"]
[Round "4.48"]
[White "Nieswandt, Joseph"]
[Black "Steckel, Werner"]
[Result "1-0"]
[WhiteElo "1443"]
[BlackElo "1338"]
[PlyCount "55"]
[EventDate "2014.??.??"]
[WhiteTeam "SC Wangen"]
[BlackTeam "SG Siemens Amberg"]

1. e4 c5 2. Bc4 Nc6 3. Nc3 e6 4. Nf3 a6 5. a3 b5 6. Ba2 Bb7 7. d3 Qc7 8. Be3
Nf6 9. Qe2 Be7 10. O-O O-O 11. Rab1 Rfd8 12. Rfd1 h6 13. Qf1 Ng4 14. Ne2 Nxe3
15. fxe3 Ne5 16. Nf4 Ng4 17. Qe2 Bd6 18. h3 Nxe3 19. Qxe3 Bxf4 20. Qe2 d5 21.
e5 d4 22. Rf1 Be3+ 23. Kh1 Rf8 24. c3 Bxf3 25. Qxf3 Qxe5 26. Rbe1 Qc7 27. Qe4
f5 28. Bxe6+ 1-0

[Event "26.Off.Bayer.Senioren-EM 2014"]
[Site "Bergen"]
[Date "2014.06.24"]
[Round "4.49"]
[White "Braeu, Emmi"]
[Black "Wilfert, Eva-Maria"]
[Result "1-0"]
[WhiteElo "1331"]
[BlackElo "1414"]
[PlyCount "93"]
[EventDate "2014.??.??"]
[WhiteTeam "SK Marktoberdorf"]
[BlackTeam "PTSV SK Hof 1892"]

1. Nf3 d5 2. g3 Nf6 3. Bg2 c6 4. O-O Nbd7 5. d4 Nb6 6. Nc3 Bf5 7. Nh4 Bd7 8. b3
g6 9. Re1 Bg7 10. Rb1 O-O 11. Bb2 Qc8 12. e4 dxe4 13. Nxe4 Nxe4 14. Bxe4 Be6
15. Bg2 Nd5 16. Qd2 h6 17. c4 Nf6 18. Rbd1 Rd8 19. Qc1 Qc7 20. h3 Qa5 21. Ba3
Bf8 22. Nxg6 fxg6 23. Rxe6 Rd7 24. Re5 Qc7 25. Qe3 Re8 26. g4 Nh7 27. Be4 g5
28. Bg6 Red8 29. Qe4 Nf6 30. Qe3 Qb8 31. Bf5 b5 32. Bxd7 Rxd7 33. Bb2 Bg7 34.
Qf3 Qd8 35. d5 Rd6 36. Re6 Rd7 37. Rde1 Qf8 38. Qf5 Qf7 39. Rxc6 Rd8 40. Qe6
Qxe6 41. Rexe6 Rd7 42. Be5 Rb7 43. Rc7 Rxc7 44. Bxc7 Kf7 45. Bb8 Nd7 46. Bxa7
Bf6 47. cxb5 1-0

[Event "26.Off.Bayer.Senioren-EM 2014"]
[Site "Bergen"]
[Date "2014.06.25"]
[Round "5.1"]
[White "Roeder, Gerd"]
[Black "Roeder, Frank"]
[Result "1/2-1/2"]
[WhiteElo "2016"]
[BlackElo "2184"]
[PlyCount "25"]
[EventDate "2014.??.??"]
[WhiteTeam "SV Altensittenbach"]
[BlackTeam "SV Altensittenbach"]

1. f4 Nf6 2. Nf3 d6 3. g3 g6 4. b3 Bg7 5. Bb2 O-O 6. Bg2 c5 7. O-O Nc6 8. e3
Bd7 9. Nc3 Qc8 10. Ne2 Bh3 11. Ng5 Bxg2 12. Kxg2 h6 13. Nf3 1/2-1/2

[Event "26.Off.Bayer.Senioren-EM 2014"]
[Site "Bergen"]
[Date "2014.06.25"]
[Round "5.2"]
[White "Schmidt, Gerhard"]
[Black "Neubauer, Jaroslaus"]
[Result "1/2-1/2"]
[WhiteElo "2152"]
[BlackElo "1889"]
[PlyCount "45"]
[EventDate "2014.??.??"]
[WhiteTeam "Schachclub Unterhaching e.V."]
[BlackTeam "Schachklub Schweinfurt 2000 e.V."]

1. d4 Nf6 2. c4 e6 3. Nf3 b6 4. Nc3 Bb4 5. e3 Bb7 6. Bd3 O-O 7. O-O Bxc3 8.
bxc3 Ne4 9. Qc2 f5 10. Nd2 Qh4 11. f3 Ng5 12. Ba3 Rf6 13. Be7 Rg6 14. Bxg5 Qxg5
15. Rf2 Qxe3 16. Nf1 Qg5 17. Qd2 Nc6 18. Qxg5 Rxg5 19. Nd2 Ba6 20. Re1 Na5 21.
Bf1 Re8 22. f4 Rg6 23. Rb1 1/2-1/2

[Event "26.Off.Bayer.Senioren-EM 2014"]
[Site "Bergen"]
[Date "2014.06.25"]
[Round "5.3"]
[White "Koller, Hubert"]
[Black "Selig, Rainer"]
[Result "1-0"]
[WhiteElo "2089"]
[BlackElo "1966"]
[PlyCount "109"]
[EventDate "2014.??.??"]
[WhiteTeam "Mostarriche/Ypps"]
[BlackTeam "Spielver. Ebersbach/SA."]

1. d4 d5 2. c4 c6 3. Nf3 Nf6 4. Nc3 e6 5. Bg5 h6 6. Bf4 Nh5 7. Bxb8 Rxb8 8. e3
Nf6 9. Ne5 Qb6 10. Rb1 Be7 11. c5 Qc7 12. f4 O-O 13. Bd3 Bd7 14. O-O Be8 15. b4
Nd7 16. Qg4 f5 17. Qe2 Nxe5 18. fxe5 Bg5 19. g3 h5 20. Qf2 Qe7 21. h4 Bh6 22.
Ne2 g6 23. Nf4 Kh8 24. Kh2 Rg8 25. Rg1 Bf7 26. b5 Be8 27. a4 Bd7 28. Rb2 Rgc8
29. Rgb1 Kg7 30. Qe1 Bxf4 31. gxf4 Be8 32. Kh3 Qd8 33. Be2 Kh7 34. Qg3 Qe7 35.
Rg1 Qf7 36. Qe1 b6 37. cxb6 axb6 38. Rg5 c5 39. Qg3 Bd7 40. dxc5 bxc5 41. Bd1
d4 42. Rg2 Rg8 43. exd4 cxd4 44. Rd2 Rgd8 45. Qg1 Bxb5 46. axb5 Rxb5 47. Rxd4
Rbd5 48. Rxd5 Rxd5 49. Bf3 Rd3 50. Rg3 Qc7 51. Be2 Rd2 52. Qe3 Rc2 53. Rg2 Rc3
54. Bd3 Qa5 55. Qg3 1-0

[Event "26.Off.Bayer.Senioren-EM 2014"]
[Site "Bergen"]
[Date "2014.06.25"]
[Round "5.4"]
[White "Urytskyy, Arkadiy"]
[Black "Knollmueller, Peter"]
[Result "1-0"]
[WhiteElo "2084"]
[BlackElo "1815"]
[PlyCount "83"]
[EventDate "2014.??.??"]
[WhiteTeam "TSV Bindlach Aktionär-Schachabte"]
[BlackTeam "SK Töging"]

1. Nf3 d5 2. g3 Nf6 3. Bg2 e6 4. O-O Be7 5. c4 O-O 6. b3 c5 7. cxd5 exd5 8. d4
Nc6 9. Bb2 Bf5 10. Nbd2 Rc8 11. dxc5 Bxc5 12. Rc1 Be7 13. Nh4 Be6 14. Nhf3 Bf5
15. Nb1 h6 16. Nd4 Nxd4 17. Qxd4 b6 18. Nc3 Bc5 19. Qe5 Be6 20. Rcd1 Ng4 21.
Qf4 Bd6 22. Qd2 Bb4 23. a3 d4 24. axb4 dxc3 25. Qxd8 Rfxd8 26. Rxd8+ Rxd8 27.
Bxc3 Bxb3 28. Ra1 Rd7 29. h3 Nf6 30. e4 Rd1+ 31. Rxd1 Bxd1 32. f3 Be2 33. Kf2
Bc4 34. Ke3 Nd7 35. Kd4 b5 36. f4 f6 37. e5 Kf7 38. Bd5+ Bxd5 39. Kxd5 Nb6+ 40.
Kc6 Na4 41. Bd4 a6 42. Kd7 1-0

[Event "26.Off.Bayer.Senioren-EM 2014"]
[Site "Bergen"]
[Date "2014.06.25"]
[Round "5.5"]
[White "Fischer, Gerd"]
[Black "Goy, Udo"]
[Result "1/2-1/2"]
[WhiteElo "2008"]
[BlackElo "2032"]
[PlyCount "57"]
[EventDate "2014.??.??"]
[WhiteTeam "FC Gunzenhausen 1910 e.V"]
[BlackTeam "Ford Schachfreunde Köln e.V."]

1. e4 d6 2. d4 Nf6 3. Nc3 c6 4. Nf3 Bg4 5. Be2 Nbd7 6. Be3 e5 7. h3 Bxf3 8.
Bxf3 Be7 9. O-O O-O 10. g4 Ne8 11. Ne2 g6 12. Kh2 Ng7 13. Rg1 Qc7 14. Ng3 Rad8
15. c4 c5 16. d5 Rb8 17. a4 Kh8 18. Qd2 Rg8 19. Rg2 Rbf8 20. Bh6 Nb8 21. Be2 f6
22. Rag1 Rf7 23. h4 Ne8 24. Be3 Na6 25. Kh1 Nb4 26. h5 g5 27. Nf5 Bf8 28. h6
Rg6 29. Rh2 1/2-1/2

[Event "26.Off.Bayer.Senioren-EM 2014"]
[Site "Bergen"]
[Date "2014.06.25"]
[Round "5.6"]
[White "Walther, Reinhard"]
[Black "Klein, Reinhard"]
[Result "1-0"]
[WhiteElo "1885"]
[BlackElo "1803"]
[PlyCount "47"]
[EventDate "2014.??.??"]
[WhiteTeam "SK 1911 Herzogenaurach e.V."]
[BlackTeam "Münchener SC 1836 e.V."]

1. d4 Nf6 2. c4 g6 3. Nc3 Bg7 4. e4 d6 5. Nge2 O-O 6. Ng3 Nfd7 7. Be3 c5 8. d5
Qa5 9. Qd2 Na6 10. Be2 Nc7 11. O-O Ne5 12. f4 Ng4 13. Bxg4 Bxg4 14. f5 Be5 15.
Bh6 Rfd8 16. Qg5 Bxg3 17. hxg3 Bh5 18. g4 f6 19. Qh4 Bxg4 20. Qxg4 g5 21. Bxg5
fxg5 22. Qxg5+ Kh8 23. Qxe7 Qa6 24. Rf3 1-0

[Event "26.Off.Bayer.Senioren-EM 2014"]
[Site "Bergen"]
[Date "2014.06.25"]
[Round "5.7"]
[White "Stolpynskyy, Mark"]
[Black "Kaufmann, Helmut"]
[Result "1-0"]
[WhiteElo "1943"]
[BlackElo "1742"]
[PlyCount "109"]
[EventDate "2014.??.??"]
[WhiteTeam "SW Nürnberg Süd e.V."]
[BlackTeam "SK Eutingen"]

1. d4 g6 2. Nf3 Bg7 3. Bf4 d6 4. e3 c6 5. c3 Nf6 6. h3 O-O 7. Nbd2 Nbd7 8. Be2
h6 9. O-O Nh7 10. Bh2 b5 11. a4 Qb6 12. Qb3 Rb8 13. axb5 cxb5 14. Qb4 a6 15.
Rfb1 Bb7 16. c4 bxc4 17. Qxb6 Nxb6 18. Nxc4 Nxc4 19. Bxc4 Ra8 20. Ra5 Rfb8 21.
b3 Bc8 22. Nd2 Rb6 23. Rba1 e6 24. Bg3 Bf8 25. d5 Nf6 26. e4 exd5 27. exd5 Ne8
28. f3 Bg7 29. Rc1 Bd4+ 30. Bf2 Bxf2+ 31. Kxf2 f5 32. Ke3 Nc7 33. Rca1 Bb7 34.
Kd4 Re8 35. Rc1 Nb5+ 36. Bxb5 Rxb5 37. Rxb5 axb5 38. Rc7 Bc8 39. b4 Rd8 40. f4
Bd7 41. Nb3 Kf8 42. Na5 Bc8 43. g3 g5 44. Rh7 gxf4 45. gxf4 Kg8 46. Re7 Kf8 47.
Nc6 Rd7 48. Re6 Kg7 49. h4 h5 50. Re8 Rc7 51. Rd8 Bd7 52. Nb8 Rc4+ 53. Ke3 Bc8
54. Nc6 Rc1 55. Rxc8 1-0